1039 1135 1747 1496 1047 1467 1352 1777 1699 1876 1709 1721 1045 1639 1926 1968 1990 1895 1116 1388 1377 1563 1992 1921 1061 1114 1948 1425 1640 1296 1476 1529 1366 1202 1814 1647 1445 1921 1549 1127 1639 1380 1077 1580 1870 1282 1139 1812 1234 1988 1605 1238 1844 1487 1000 1002 1858 1225 1187 1652 1682 1402 1745 1326 1228 1026 1948 1883 1423 1183 1985 1061 1568 1777 1092 1812 1362 1594 1428 1085 1234 1489 1376 1974 1741 1221 1342 1566 1570 1664 1771 1436 1690 1240 1951 1774 1437 1367 1633 BCNSPRNW ULIB Ver.6.0+V

เปลี่ยนเป็นภาษาไทย

Change to English
 แสดงรายละเอียดบรรณานุกรม
  กลับหน้าหลัก

Brief Record : Get Marc (ISO 2709) : E-mail record : QR code < ปิดหน้าต่าง
LEADER : 00000nam 2200000uu 4500
001    13399122138
003     ULIB
008    130104s2555||||th 000 0 tha d
020    ^a9786169067153
060  4 ^aWB115^bก491
245 00 ^aการแปลผลและจัดการค่าวิกฤตทางห้องปฏิบัติการทางเวชบำบัดวิกฤตหลักการตรวจทางห้องปฏิบัติการสำหรับพยาบาล แพทย์ และบุคลากรทางแพทย์ /^cวิโรจน์ ไววานิชกิจ บรรณาธิการ
250    ^aพิมพ์ครั้งแรก
260    ^aกรุงเทพฯ :^bโรงพิมพ์แห่งจุฬาลงกรณ์มหาวิทยาลัย,^c2555
300    ^a112 หน้า :^bตาราง
505 0  ^a^tค่าวิกฤตทางห้องปฏิบัติการ - -^tค่าวิกฤตทางชีวเคมีคลินิก - -^tค่าวิกฤตทางโลหิตวิทยาคลินิก
650  7 ^aผู้ป่วยหนัก, การดูแล
650  7 ^aการดูแลขั้นวิกฤต
700 0  ^aวิโรจน์ ไววานิชกิจ,^eบรรณาธิการ
945    ^p270^l0^i19574
945    ^p270^l0^i19620
945    ^p270^l0^i19621
945    ^p270^l0^i19619
999    ^aใช้งานได้ทุกระบบ
รายการนี้ยังไม่มีแท็ก
คุณยังไม่ได้ล็อกอิน คุณสามารถมีกิจกรรมร่วมกับเว็บไซต์ได้ แต่ต้องล็อกอินก่อน ::
  ล็อกอิน

รายการสื่อสารสนเทศ

ลำดับที่ ประเภท เลขเรียก/บาร์โค้ด สถานที่ สถานะ
1. วิทยาศาสตร์การแพทย์ และสุขภาพ
วิทยาศาสตร์การแพทย์ และสุขภาพ
สถานะ=หนังสือเก่า
WB115 ก491  
  Barcode: 19574
ห้องสมุดวิทยาเขตนครสวรรค์
►ส่วนจัดเก็บหนังสือเก่า นว.
บนชั้น
  ขอยืม
2. วิทยาศาสตร์การแพทย์ และสุขภาพ
วิทยาศาสตร์การแพทย์ และสุขภาพ
สถานะ=หนังสือเก่า
WB115 ก491 ฉ.2 
  Barcode: 19619
ห้องสมุดวิทยาเขตนครสวรรค์
►ส่วนจัดเก็บหนังสือเก่า นว.
บนชั้น
  ขอยืม
3. วิทยาศาสตร์การแพทย์ และสุขภาพ
วิทยาศาสตร์การแพทย์ และสุขภาพ
สถานะ=หนังสือเก่า
WB115 ก491 ฉ.3 
  Barcode: 19620
ห้องสมุดวิทยาเขตนครสวรรค์
►ส่วนจัดเก็บหนังสือเก่า นว.
บนชั้น
  ขอยืม
4. วิทยาศาสตร์การแพทย์ และสุขภาพ
วิทยาศาสตร์การแพทย์ และสุขภาพ
สถานะ=หนังสือเก่า
WB115 ก491 ฉ.4 
  Barcode: 19621
ห้องสมุดวิทยาเขตนครสวรรค์
►ส่วนจัดเก็บหนังสือเก่า นว.
บนชั้น
  ขอยืม

รายการใกล้เคียง
    หัวเรื่อง [ผู้ป่วยหนัก, การดูแล]
    หัวเรื่อง [การดูแลขั้นวิกฤต]

BibComment


ยังไม่เคยถูกคอมเมนท์

คอมเมนท์ทรัพยากรรายการนี้
  คอมเมนท์: การแปลผลและจัดกา..


 Copyright 2026. Bcnsprnw @Library